000 00770nam a22002177a 4500
005 20130528154001.0
010 _aB-506572-573
020 _a9788131713389
_c450.00
020 _a8131713385
035 _aB-506572-573
037 _aKKP/Ven
082 _a000
100 _aSaroj Parwez
245 _aThe Pearson guide to B.Sc.nursing examination/
_cSaroj Parwez
246 _aB.Sc.nursing examination
260 _aNoida
_bPearson
_c2013
270 _a7th Floor, Knowledge Boulevard, A-8(A), Sec-62
_bNoida
_e201309
300 _aVarious pages
_c23cm,(pbk)
942 _2ddc
_cEN
_mPEA
_h000
999 _c75597
_d75597